000 01110cam a2200349 i 4500
001 768714001
003 CO-MdFUSB
005 20220228104058.0
007 ta
008 780412t1976uuuusp 000 0 spa d
020 _a8472282635
020 _a9788472282636
040 _aNOC
_cCO-MdFUSB
_dOCLCQ
_dDIBAM
_dCAP
_dUtOrBLW
_bspa
_erda
041 0 _aspa
_aspa
082 _223
_a225.3
_bP499
100 1 _aPetter, Hugh M.
245 1 0 _aConcordancia greco-española del Nuevo Testamento :
_bsegún la versión de Cipriano de Valera y el texto griego de Eberhard Nestle
_c/ compilada por Hugo M. Petter.
264 1 _aBarcelona, España :
_bCLIE,
_c[1976]
264 4 _c© 1976
300 _a595 páginas ;
_c23 cm.
336 _atexto
_btxt
_2rdacontent.
337 _asin mediación
_bn
_2rdamedia.
338 _avolumen
_bnc
_2rdacarrier.
490 1 _aLiteratura evangélica.
505 _aConcordancia
563 _aPasta dura
630 0 7 _aBiblia.
_pNuevo Testamento
700 _96312
_aPetter, Hugo M.,
_ecompilador
942 _cREF
945 _aJTF-925
999 _c67337
_d67337